zpět

Detail výsledku týmu

Pod Obrazem, Krnov

Datum a čas kvízu

35 Celkem bodů Celkový počet nahraných bodů na tomto kvízu bez doplňovacích otázek.
1. Pořadí na kvízu Konečné umístění týmu na tomto kvízu.

Zaznamenané odpovědi

# Otázka Odpověď Body Výsledky
1. V Česku je od Nového roku jako... psilocybin 1
2. Ve kterém městě byl minulý týd... v Abú Dhabí 0
3. Minulý týden jsme se dozvěděli... Francie 0
4. Který ostrovní stát zavedl jak... Island 0
5. Co se zoufale snažil najít na... vylomený zub 0
6. Mezi nejúspěšnější sourozence... 2008; 2012 0.5
7. Pouhých 65 setin sekundy od me... Petr; Martin 1
8. Opomenout v tomto tématu nesmí... 7,5 km; 6 km 0.5
9. Nyní bude vaším úkolem uhodnou... v plavání 1
10. Na závěr se podíváme na bratrs... B) Maďarsko 0